000 00647nam a22002177a 4500
005 20170124110236.0
010 _aB-229143
020 _c95.00
_a9788173814921
035 _aB-229143
037 _bCen Lib/Ret
040 _aDPL
_bEN
082 _a616.995
_bSAX
100 _aSaxena, Rajeev
_942044
245 _aTuberculosis treated by Homoepathy /
_cby Rajeev saxena
260 _aKolkata
_bNew central book agency
_c2006
270 _bkolkata
_a8/1 Chntamoni Das Lane
_e700009
300 _aix,104p.
_c24cm(pbk)
650 _aTuberculosis
_919768
650 _aHomoeopathy
_x
_942045
942 _2ddc
_cEN
_h616.995
_mSAX
999 _c134877
_d134877